00341nam a2200133Ia 4500008004100000100002900041245003400070250001200104260004500116300000800161650001400169942000700183999001700190190216s9999||||xx |||||||||||||| ||und|| aSurjeet Rajinder Dhillon 0aIndian Economy- Question Bank a3rd Ed. b"Dhillian Publications, New Delhi"c2001 a280 aEconomics cBK c10523d10523